Diseño de máquina múltiple para el procesamiento de madera del taller escuela Instituto Forestal Industrial Latinoamericano (INFIL)
El presente trabajo presenta información acerca de la elaboración de un diseño de una máquina múltiple para ser usada en el área de carpintería, específicamente será diseñada para su uso en la escuela taller Forestal Industrial.
| Main Authors: | , |
|---|---|
| Other Authors: | |
| Format: | Tesis Section = Libro |
| Language: | Undetermined Spanish |
| Published: |
Managua
UNI
2014
|
| Subjects: |
| LEADER | 01075nam a2200241Ia 4500 | ||
|---|---|---|---|
| 008 | 240830s9999 xx 000 0 und d | ||
| 040 | |a BIBLIOTECA-RUPAP Mon 621.902 B516 | ||
| 041 | |a spa | ||
| 082 | |a Mon 621.902 B516 | ||
| 100 | 1 | |a Bermúdez Arana, Lenin Ottoniel | |
| 100 | 1 | |b Campos Estrada, Jaime Antonio | |
| 245 | 1 | 0 | |a Diseño de máquina múltiple para el procesamiento de madera del taller escuela Instituto Forestal Industrial Latinoamericano (INFIL) |
| 260 | |a Managua |b UNI |c 2014 | ||
| 300 | |a 91 p. :il. | ||
| 500 | |a Contiene: anexos y CD. | ||
| 502 | |a Tesis (Ingeniero Mecánico)- UNI, 2014. | ||
| 520 | 3 | |a El presente trabajo presenta información acerca de la elaboración de un diseño de una máquina múltiple para ser usada en el área de carpintería, específicamente será diseñada para su uso en la escuela taller Forestal Industrial. | |
| 650 | 7 | |a MAQUINAS HERRAMIENTAS | |
| 650 | 7 | |b MAQUINA MULTIPLE-PROCESAMIENTO DE MADERA | |
| 700 | 1 | |a Tutor: |b Urbina Espinoza, William Emigdio | |
| 942 | |c BK |2 ddc | ||
| 991 | |a TESIS | ||
| 999 | |c 15827 | ||